UBT Library

ALGEBRA 1 (Record no. 24686)

000 -LEADER
fixed length control field 00279nam a22001337a 4500
008 - FIXED-LENGTH DATA ELEMENTS--GENERAL INFORMATION
fixed length control field 170823b xxu||||| |||| 00| 0 eng d
020 ## - INTERNATIONAL STANDARD BOOK NUMBER
International Standard Book Number 9790030358271
041 ## - LANGUAGE CODE
Language code of text/sound track or separate title eng
080 ## - UNIVERSAL DECIMAL CLASSIFICATION NUMBER
Universal Decimal Classification number 51
100 ## - Rafti
Rafti 38
101 ## - Shkurtesa
Shkurtesa MAT
245 ## - TITLE STATEMENT
Title ALGEBRA 1
Statement of responsibility, etc BURGER.E.B
942 ## - ADDED ENTRY ELEMENTS (KOHA)
Source of classification or shelving scheme
Item type Books
Holdings
Withdrawn status Lost status Source of classification or shelving scheme Damaged status Not for loan Collection code Permanent location Current location Shelving location Date acquired Total Checkouts Full call number Barcode Date last seen Price effective from Koha item type
          Koleksioni i përgjithshem UBT - Lipjan UBT - Lipjan Koleksioni i përgjithshem 08/23/2017   51 BUR 002-2917941 08/23/2017 08/23/2017 Books
          Koleksioni i përgjithshem UBT - Lipjan UBT - Lipjan Koleksioni i përgjithshem 03/03/2021   510 BUR 002-6000197 03/03/2021 03/03/2021 Books
UBT Library © 2015-2024. All rights reserved University Education for Business and Technology